000
00269nam a22001217a 4500
008
190227b xxu||||| |||| 00| 0 eng d
041
_a
eng
080
_a
616-053.2
100
_a
8
101
_a
PED
245
_a
Year Book of Pediatrics
_c
Gellic,S.S
942
_2
udc
_c
BK
999
_c
54338
_d
54338